LEADER 05051nam 2200445 450 001 9910647261203321 005 20230323170534.0 010 $a2-7592-3486-X 024 7 $a10.35690/978-2-7592-3486-8 035 $a(CKB)5680000000299911 035 $a(NjHacI)995680000000299911 035 $a(MiAaPQ)EBC7272432 035 $a(Au-PeEL)EBL7272432 035 $a(EXLCZ)995680000000299911 100 $a20230323d2022 uy 0 101 0 $aeng 135 $aur||||||||||| 181 $ctxt$2rdacontent 182 $cc$2rdamedia 183 $acr$2rdacarrier 200 10$aElevage au pa?turage et de?veloppement durable des territoires me?diterrane?ens et tropicaux $eConnaissances re?centes sur leurs atouts et faiblesses /$fAlexandre Ickowicz, Charles-Henri Moulin 210 1$aVersailles Cedex :$cE?ditions Quæ,$d2022. 215 $a1 online resource (207 pages) 225 1 $aMatie?re a? de?battre et de?cider 311 $a2-7592-3485-1 327 $aRemerciements 5 -- Preface 6 -- Preambule 9 -- 1. Les elevages familiaux de ruminants au paturage en zones mediterraneennes et tropicales face aux enjeux du developpement durable 12 -- Les elevages de ruminants au paturage en zones mediterraneennes et tropicales 13 -- Contributions potentielles des elevages de ruminants au paturage aux ODD et controverses 22 -- Un cadre general pour mener des recherches sur la contribution des elevages au paturage au developpement durable 28 -- 2. Adaptation aux changements locaux et globaux des systemes d'elevage au paturage 32 -- Introduction 32 -- Adaptation de la vegetation des paturages mediterraneens et tropicaux 33 -- Robustesse des animaux d'elevage : des leviers physiologiques -- et comportementaux au service de I'adaptation 41 -- Diversite genetique et adaptation des races locales a leur milieu d'elevage 52 -- Les mecanismes d'adaptation analyses a I'echelle des families et des collectifs locaux 63 -- Trajectoires d'adaptation des elevages dans les territoires : quelle place pour le paturage ? Quels determinants ? 73 -- Conclusion 80 -- 3. La recherche d'efficience, une demarche pour accroTtre la contribution de I'elevage au developpement durable des territoires 82 -- Introduction : I'efficience, d'un simple ratio a un cadre d'analyse operationnel pour appuyer le developpement durable des systemes d'elevage 82 -- L'efficience pour rendre compte de la complexite des contributions des systemes d'elevage au paturage au changement climatique 86 -- La recherche d'efficience pour accompagner la transition agroecologique des systemes d'elevage 104 -- Evaluation multicritere de I'efficience pour rendre compte de la multifonctionnalite des systemes d'elevage au paturage 120 -- Conclusion et perspectives 135 -- 4. Des inventions et des innovations pour favoriser la contribution des systemes d'elevage au paturage a la transition agroecologique de l'agriculture 140 -- Introduction 140 -- Qu'entendons-nous par inventions et innovations dans nos recherches sur les systemes d'elevage au paturage? 142 -- Des inventions pour mieux partager les connaissances et integrer les processus naturels dans le pilotage des elevages au paturage 145 -- Des innovations techniques pour ameliorer le recyclage et la diversification des ressources dans les systemes d'elevage au paturage 157 -- Des innovations organisationnelles pour accompagner la transition agroecologique dans les territoires et les chaines de valeur de produits animaux 162 -- Discussion et conclusion 173 -- 5. Synthese et conclusion. La place des elevages familiaux de ruminants au paturage en zones mediterraneennes et tropicales pour un developpement durable 179 -- Des elevages complexes, diversifies et en dynamique a mieux apprehender 179 -- Des contributions aux objectifs de developpement durable a accompagner 180 -- Pour une prise en compte dans les territoires de la multifonctionnalite des elevages au paturage sur le temps long 185 -- Conclusion generale 186 -- Bibliographie 189 -- Liste des sigles et acronymes 203 -- Liste des auteurs 205. 330 $aLes syste?mes d'e?levage au pa?turage peuvent contribuer au de?veloppement durable a? celui des territoires, notamment en zones me?diterrane?ennes et tropicales ou? ils sont tre?s pre?sents. Une analyse de leurs capacite?s d'adaptation, de leur efficience et de leur potentiel d'innovation permet d'e?clairer leurs atouts les plus importants et leurs besoins d'accompagnement. 410 0$aMatie?re a? de?battre et de?cider. 517 $aElevage au pâturage et développement durable des territoires méditerranéens et tropicaux 606 $aPastures$xManagement 615 0$aPastures$xManagement. 676 $a633.202 700 $aIckowicz$b Alexandre$01280944 702 $aMoulin$b Charles-Henri 801 0$bNjHacI 801 1$bNjHacl 906 $aBOOK 912 $a9910647261203321 996 $aElevage au pâturage et développement durable des territoires méditerranéens et tropicaux$93017726 997 $aUNINA LEADER 06670oam 2201249 c 450 001 9910793714703321 005 20220221094418.0 010 $a3-8467-6429-9 024 7 $a10.30965/9783846764299 035 $a(CKB)4100000008965729 035 $a(OCoLC)1081351187 035 $a(nllekb)BRILL9783846764299 035 $a(MiAaPQ)EBC6516437 035 $a(Au-PeEL)EBL6516437 035 $a(OCoLC)1243552936 035 $a(Brill | Fink)9783846764299 035 $a(EXLCZ)994100000008965729 100 $a20220221d2019 uy 0 101 0 $aeng 135 $aurun| uuuua 181 $ctxt$2rdacontent 182 $cc$2rdamedia 183 $2rdacarrier 200 00$aLiterature as Thought Experiment?$ePerspectives from Philosophy and Literary Studies$fSophia Alt, Julia Langkau, Katja Hettich, Vanessa Haazipolo, Johannes Franzen, Arne Wille?e, Loreen Dalski, Wolfgang Huemer, Caterina Brand, Eva-Maria Konrad, Giulia Agostini, Alexander Fischer, Gottfried Gabriel, Christiane Schildknecht, Ingrid Vendrell Ferran, Stephan Packard, Catherine Elgin, Falk Bornmu?ller, Mathis Lessau, Falk Bornmu?ller, Johannes Franzen, Mathis Lessau 205 $a1st ed. 210 $aPaderborn$cBrill | Fink$d2019 215 $a1 online resource 311 $a3-7705-6429-4 320 $aIncludes bibliographical references. 327 $tFront Matter -- $tCopyright page -- $tPreface -- $tImaginative Investigations: Thought Experiments in Science, Philosophy and Literature /$rCatherine Z. Elgin -- $tThe Cognitive Value and Ethical Relevance of Fictional Literature /$rGottfried Gabriel -- $tFiction as Thought Experiment? /$rChristiane Schildknecht -- $tAre Thought-Experiments Always Arguments and Does Literature Literally Re-present? /$rFalk Bornmüller and Mathis Lessau -- $tThought Experiments from Fiction /$rJulia Langkau -- $tPower and Limits of a Picture: On the Notion of Thought Experiments in Philosophy of Literature /$rWolfgang Huemer -- $tThought Experiments as a Narrative Genre /$rArne Willée -- $tCounterfactual Literature as Thought Experiment /$rEva-Maria Konrad -- $tThe Literary Thought Experiment as Emotional Experience: Émile Zola?s Thérèse Raquin (1867) /$rKatja Hettich -- $tNarrative Fiction as Philosophical Exploration: A Case Study on Self-Envy and Akrasia /$rÍngrid Vendrell Ferran -- $tProjecting Spaces of Thought: The Geometrical Figure in the Works of Samuel Beckett and Julio Cortázar /$rGiulia Agostini -- $tGuinea Pigs in a Terrarium?Albert Camus? The Plague as a Thought Experiment /$rAlexander Fischer -- $tThe Physicists by Friedrich Dürrenmatt - a Paradoxical Thought Experiment about Scientific Responsibility /$rSophia Alt , Caterina Brand and Vanessa Haazipolo -- $tConjugations of the ?What If?: Golden Age Science Fiction: From Thought Experiment to Narrative Critique /$rStephan Packard -- $tThe Epistemic Potential of Boredom: Wilhelm Genazino?s If we were animals as a Thought Experiment /$rLoreen Dalski -- $tAlternate Lives: Autofictional Thought Experiments in Lunar Park by Bret Easton Ellis /$rJohannes Franzen. 330 $aMany people share the intuition that by turning to works of literature something can be learned about the world. One way to explain the epistemic access to the world that fictional literature provides is by comparing it to thought experiments. Both - thought experiments and works of fiction - might be seen as imaginative exercises which help to find out what would or could happen if certain conditions were met. This comparison of fictional literature with thought experiments provides the point of departure for the contributions in our volume. It contributes to the discussion of an approach that has quite recently entered the field of the philosophy of literature. 606 $aGedankenexperiment 606 $aNicht-propositionales Wissen 606 $aVergegenwa?rtigung 606 $aKontrafaktische Literatur 606 $aKontrafaktisches Szenario 606 $aExemplifikation 606 $aPhilosophie der Literatur 606 $aLiteraturwissenschaft 606 $aWissen 606 $aMethodologie der Erkenntnis 606 $aErkenntnis in fiktionaler Literatur 606 $aThought Experiment 606 $aNon-propositional knowledge 606 $aRepresentation 606 $aCounterfactual Literature 606 $aCounterfactual Scenario 606 $aExemplification 606 $aPhilosophy of Literature 606 $aLiterary Studies 606 $aKnowledge 606 $aMethodology of Knowledge 606 $aKnowledge in Fictional Literature 608 $aConference papers and proceedings.$2fast 608 $aCriticism, interpretation, etc.$2fast 615 4$aGedankenexperiment 615 4$aNicht-propositionales Wissen 615 4$aVergegenwa?rtigung 615 4$aKontrafaktische Literatur 615 4$aKontrafaktisches Szenario 615 4$aExemplifikation 615 4$aPhilosophie der Literatur 615 4$aLiteraturwissenschaft 615 4$aWissen 615 4$aMethodologie der Erkenntnis 615 4$aErkenntnis in fiktionaler Literatur 615 4$aThought Experiment 615 4$aNon-propositional knowledge 615 4$aRepresentation 615 4$aCounterfactual Literature 615 4$aCounterfactual Scenario 615 4$aExemplification 615 4$aPhilosophy of Literature 615 4$aLiterary Studies 615 4$aKnowledge 615 4$aMethodology of Knowledge 615 4$aKnowledge in Fictional Literature 676 $a400 702 $aAlt$b Sophia$4ctb 702 $aLangkau$b Julia$4ctb 702 $aHettich$b Katja$4ctb 702 $aHaazipolo$b Vanessa$4ctb 702 $aFranzen$b Johannes$4ctb 702 $aWille?e$b Arne$4ctb 702 $aDalski$b Loreen$4ctb 702 $aHuemer$b Wolfgang$4ctb 702 $aBrand$b Caterina$4ctb 702 $aKonrad$b Eva-Maria$4ctb 702 $aAgostini$b Giulia$4ctb 702 $aFischer$b Alexander$4ctb 702 $aGabriel$b Gottfried$4ctb 702 $aSchildknecht$b Christiane$4ctb 702 $aVendrell Ferran$b Ingrid$4ctb 702 $aPackard$b Stephan$4ctb 702 $aElgin$b Catherine$4ctb 702 $aBornmu?ller$b Falk$4ctb 702 $aLessau$b Mathis$4ctb 702 $aBornmu?ller$b Falk$4edt 702 $aFranzen$b Johannes$4edt 702 $aLessau$b Mathis$4edt 801 0$bMiAaPQ 801 1$bMiAaPQ 801 2$bMiAaPQ 906 $aBOOK 912 $a9910793714703321 996 $aLiterature as Thought Experiment$93789281 997 $aUNINA LEADER 05243nam 2200637Ia 450 001 9910830127403321 005 20170816122657.0 010 $a1-280-72346-7 010 $a9786610723461 010 $a3-527-60856-7 010 $a3-527-60851-6 035 $a(CKB)1000000000326916 035 $a(EBL)482260 035 $a(OCoLC)609855570 035 $a(SSID)ssj0000308925 035 $a(PQKBManifestationID)11227236 035 $a(PQKBTitleCode)TC0000308925 035 $a(PQKBWorkID)10276855 035 $a(PQKB)10370673 035 $a(MiAaPQ)EBC482260 035 $a(PPN)24196010X 035 $a(EXLCZ)991000000000326916 100 $a20060712d2006 uy 0 101 0 $aeng 135 $aur|n|---||||| 181 $ctxt 182 $cc 183 $acr 200 00$aScanning probe microscopies beyond imaging$b[electronic resource] $emanipulation of molecules and nanostructures /$fedited by Paolo Samori 210 $aWeinheim $cWiley-VCH$d2006 215 $a1 online resource (570 p.) 300 $aDescription based upon print version of record. 311 $a3-527-31269-2 320 $aIncludes bibliographical references and index. 327 $aScanning Probe Microscopies Beyond Imaging; Foreword; Contents; Preface; List of Authors; Part I Scanning Tunneling Microscopy-Based Approaches; Nanoscale Structural, Mechanical and Electrical Properties; 1 Chirality in 2D; 1.1 Introduction; 1.2 Chirality and STM: From 0D to 2D; 1.2.1 Determination of Absolute Chirality; 1.2.2 Expression of 2D Chirality by Enantiopure Molecules; 1.2.3 Racemic Mixture of Chiral Molecules; 1.2.4 Achiral Molecules; 1.2.5 Systems with Increased Complexity; 1.2.6 Multicomponent Systems; 1.2.6.1 Mixed Systems; 1.2.6.2 Cocrystals 327 $a1.2.7 Chemisorption versus Physisorption1.2.8 The Effect of Molecular Adsorption on Substrates: Toward Chiral Substrates; 1.2.9 Chirality and AFM; 1.3 Conclusion; Acknowledgements; References; 2 Scanning Tunneling Spectroscopy of Complex Molecular Architectures at Solid/Liquid Interfaces: Toward Single-Molecule Electronic Devices; 2.1 Introduction; 2.2 STM/STS of Molecular Adsorbates; 2.3 An Early Example of STS at the Solid/Liquid Interface; 2.4 Ultrahigh Vacuum versus Solid/Liquid Interface; 2.5 Probing ?-Coupling at the Single-Molecule Level by STS 327 $a2.6 Molecular Diodes and Prototypical Transistors2.7 Conclusions; Acknowledgements; References; 3 Molecular Repositioning to Study Mechanical and Electronic Properties of Large Molecules; 3.1 Introduction; 3.2 Specially Designed Molecules; 3.3 STM-Induced Manipulation; 3.3.1 Manipulation of Single Atoms; 3.3.2 Repositioning of Molecules at Room Temperature; 3.3.3 Manipulation in Constant Height Mode; 3.4 Mechanical Properties: Controlled Manipulation of Complex Molecules; 3.5 Inducing Conformational Changes: A Route to Molecular Switching; 3.6 The Role of the Substrate 327 $a3.7 Electronic Properties: Investigation of the Molecule-Metal Contact3.8 Perspectives; Acknowledgements; References; 4 Inelastic Electron Tunneling Microscopy and Spectroscopy of Single Molecules by STM; 4.1 Introduction; 4.1.1 Working Principle; 4.2 Experimental Results; 4.2.1 C(60) on Ag(110); 4.2.2 C(6)H(6) on Ag(110); 4.3 Theory; 4.3.1 Extension of Tersoff-Hamman Theory to IETS-STM; 4.3.2 Some Model Systems; 4.3.3 Acetylene Molecules on Cu(100); 4.3.4 Oxygen Molecules on Ag(110); 4.3.5 Ammonia Molecules on Cu(100); 4.4 Conclusion; References 327 $aPart II Scanning Force Microscopy-Based ApproachesPatterning; 5 Patterning Organic Nanostructures by Scanning Probe Nanolithography; 5.1 Importance of Patterning Organic Nanostructures; 5.2 Direct Patterning of Organic Thin Films; 5.2.1 Fabrication of Nanostructures by a Local Modification; 5.2.1.1 Nanorecording for Memory Storage; 5.2.1.2 Local Probe Photolithography; 5.2.1.3 Nanorubbing; 5.2.2 Self-Organization of Molecular Nanostructures Triggered by SPM; 5.3 Assembly of Organic Structures on Nanofabricated Patterns; 5.3.1 Replacement Nanolithography on Self-Assembly Monolayers (SAMs) 327 $a5.3.2 Template Growth of Molecular Nanostructures 330 $aThis first book to focus on the use of SPMs to actively manipulate molecules and nanostructures on surfaces goes way beyond conventional treatments of scanning microscopy merely for imaging purposes. It reviews recent progress in the use of SPMs on such soft materials as polymers, with a particular emphasis on chemical discrimination, mechanical properties, tip-induced reactions and manipulations, as well as their nanoscale electrical properties. Detailing the practical application potential of this hot topic, this book is of great interest to specialists of wide-ranging disciplines, including 606 $aScanning probe microscopy 606 $aMicroscopy 615 0$aScanning probe microscopy. 615 0$aMicroscopy. 676 $a502.82 686 $a33.03$2bcl 686 $a51.30$2bcl 701 $aSamori?$b Paolo$01637527 801 0$bMiAaPQ 801 1$bMiAaPQ 801 2$bMiAaPQ 906 $aBOOK 912 $a9910830127403321 996 $aScanning probe microscopies beyond imaging$93979398 997 $aUNINA LEADER 06922nas# 22006251i 450 001 UON00238803 005 20240325024116.283 011 $a0869-544X 011 $a2949-3927$be-journal 017 70$2P$aP 00233269 100 $a20030730a1992 |0itac50 ba 101 $arus 102 $aSU 105 $a|||| 1|||| 110 $aaB||||||||| 200 1 $aSlavjanovedenie$fRossijskaja Akademija nauk, Institut slavjanovedenija i balkanistiki 207 $a1992- 210 $aMoskva$cNauka$d1992- 215 $aBimestrale. 316 $aFattura 21 del 6/2/12$5IT-UONSI PER DUOMOA PT574/2012 316 $aAbb. mag-dic. - Inv. sul n. 3.$5IT-UONSI PER DUOMOA PT574/2013 316 $aAbb. mag-dic. - Inv. sul n. 3.$5IT-UONSI PER DUOMOA PT574/2014 316 $a2018$5IT-UONSI PER DUOMOA PT574/2018 316 $a2020 n. 1-6$5IT-UONSI PER DUOMOA PT574/2020 316 $afasc.: 1,2;3;4;$5IT-UONSI PER DUOMOA PT574/2021 316 $a2022 nn. 1-6$5IT-UONSI PER DUOMOA PT574/2022 316 $aN. 1-6$5IT-UONSI S.CPER DUOMO A PT574/2023 316 $aFatt. n. 90/98.$5IT-UONSI PER DUOMOA PT574/1998 316 $aFatt. n. 94/99.$5IT-UONSI PER DUOMOA PT574/1999 316 $aPunto fatt. n. 56/00$5IT-UONSI PER DUOMOA PT574/2000 316 $aPunto Editoriale fatt. m. 154/01$5IT-UONSI PER DUOMOA PT574/2001 430 1$1001UON00238210$12001 $aSovetskoe Slavjanovedenie$fAkademiâ nauk SSSR. Institut slavânovedeniâ i balkanistiki$1210 $aMoskva$cNauka$d1962-1992. 606 $aFilologia Slava$3UONC038526$2FI 620 $aRU$dMoskva$3UONL003152 676 $a891.8$cLetterature slave$v21 712 02$aRossijskaja Akademija nauk, Institut slavjanovedenija i balkanistiki$3UONV283969 712 $aNauka$3UONV269754$4650 801 $aIT$bSOL$c20250606$gRICA 899 $aSIBA - SISTEMA BIBLIOTECARIO DI ATENEO$2UONSI$4ULTIMA ANNATA IN SALA CONSULTAZIONE 1998-2023- Lac.: 2013;2014;$cPER DUOMO A PT 574 ; 912 $aUON00238803 950 $aSIBA - SISTEMA BIBLIOTECARIO DI ATENEO$bSI ULTIMA ANNATA IN SALA CONSULTAZIONE 1998-2023- Lac.: 2013;2014;$dSI A PT 574 2012 $eSI 541 7 2012 Fattura 21 del 6/2/12$dSI A PT 574 2013 $eSI 6566 7 2013 Abb. mag-dic. - Inv. sul n. 3.$dSI A PT 574 2014 $eSI 10960 7 2014 Abb. mag-dic. - Inv. sul n. 3.$dSI A PT 574 2015 $eSI 13299 7 2015 $dSI A PT 574 2016 $eSI 18697 7 2016 $dSI A PT 574 2017 $eSI 21927 7 2017 $dSI A PT 574 2019 $eSI 31621 7 2019 $dSI A PT 574 2018 $eSI 35806 7 2018 2018$dSI A PT 574 2020 $eSI 35823 7 2020 2020 n. 1-6$dSI A PT 574 2021 $eSI 37371 7 2021 fasc.: 1,2;3;4;$dSI A PT 574 2022 $eSI 39513 7 2022 2022 nn. 1-6$dSI S.C PER DUOMO A PT 574 2023 $eSI 50823 7 2023 N. 1-6$dSI A PT 574 1998 $eSI EO 29324 7 1998 Fatt. n. 90/98.$eSI EO 33605 7 2002 $dSI A PT 574 1999 $eSI EO 30641 7 1999 Fatt. n. 94/99.$dSI A PT 574 2000 $eSI EO 31697 7 2000 Punto fatt. n. 56/00$dSI A PT 574 2001 $eSI EO 33251 7 2001 Punto Editoriale fatt. m. 154/01$dSI A PT 574 2003 $eSI EO 35188 7 2003 $eSI EO 35713 7 2004 $eSI EO 37128 7 2005 $eSI EO 38083 7 2006 $eSI EO 39453 7 2007 $eSI EO 40544 7 2008 $eSI EO 41922 7 2009 $dSI A PT 574 2010 $eSI EO 45565 7 2010 $dSI A PT 574 2011 $eSI EO 46388 7 2011 951 $aSIBA - SISTEMA BIBLIOTECARIO DI ATENEO$bSI2013299 1J 20130506Abbonamento comprende nn. 3-6 951 $aSIBA - SISTEMA BIBLIOTECARIO DI ATENEO$bSI201420 1J 20140409 951 $aSIBA - SISTEMA BIBLIOTECARIO DI ATENEO$bSI2015501 1J 20150305Abbonamento 2015. 951 $aSIBA - SISTEMA BIBLIOTECARIO DI ATENEO$bSI2016400 1J 20160314 951 $aSIBA - SISTEMA BIBLIOTECARIO DI ATENEO$bSI201786 1J 20170306 951 $aSIBA - SISTEMA BIBLIOTECARIO DI ATENEO$bSI201831 1Z 20180131ABBONAMENTO 2018 - Vs. Prev. del 30/01/2018 951 $aSIBA - SISTEMA BIBLIOTECARIO DI ATENEO$bSI2019157 1J 20190507 951 $aSIBA - SISTEMA BIBLIOTECARIO DI ATENEO$bSI2019824 1J 20191023 951 $aSIBA - SISTEMA BIBLIOTECARIO DI ATENEO$bSI202079 1J 20200805 951 $aSIBA - SISTEMA BIBLIOTECARIO DI ATENEO$bSI20211099 1J 20210430Bolla n. 501 del 15/12/2021; Bolla 66 del 17/2/2022 951 $aSIBA - SISTEMA BIBLIOTECARIO DI ATENEO$bSI2022292 1J 20220429Bolla 400 del 21/9/2022 ; Bolla 442 del 17/10/22; Bolla 9 del 26/01/2023 951 $aSIBA - SISTEMA BIBLIOTECARIO DI ATENEO$bSI2023984 1J 20231117 996 $aSlavjanovedenie$91024289 997 $aUNIOR